Signos de psique en el arte moderno y posmoderno /

Uloženo v:
Podrobná bibliografie
Hlavní autor: Kuspit, Donald (autor)
Další autoři: Brotons Muñoz, Alfredo (traducción) (traducción)
Médium: Kniha
Jazyk:španělština
Vydáno: Madrid, España : Akal, 2003, c2003
Edice:(Akal Arte Contemporáneo ; 11)
Témata:
Tagy: Přidat tag
Žádné tagy, Buďte první, kdo vytvoří štítek k tomuto záznamu!

MARC

LEADER 00000nam^a2200000^a^4500
001 000154747
005 20250521000000.0
009 20260310100404.931
020 |a 84-460-1130-1 
037 |a Acervo ITESO - Biblioteca 
041 |a ESP 
082 |a 709. 04  |b AKA V. 11 
100 |a Kuspit, Donald  |e (autor) 
245 1 0 |a Signos de psique en el arte moderno y posmoderno /  |c D. Kuspit ; tr. por A. Brotons Muñoz. 
264 4 |a Madrid, España :  |b Akal,  |c 2003, c2003 
300 |a 470 p. 
336 |a texto  |b txt  |2 rdacontenido 
337 |a sin mediación  |b n  |2 rdamedio 
338 |a volumen  |b nc  |2 rdasoporte 
440 1 |a (Akal Arte Contemporáneo ;  |v 11) 
500 |a Traducción de: Signs of Psyche in Modern and Postmodern Art 
649 |a XX 
650 |a Cuerpo Humano en el Arte -  |x Historia y Crítica 
650 |a Psicoanálisis y Arte -  |x Historia y Crítica -  |x Tema Principal 
650 |a Psicología y Arte -  |x Historia y Crítica 
650 |a Arte Moderno -  |x Historia y Crítica -  |x Tema Principal 
650 |a Arte Posmoderno -  |x Historia y Crítica -  |x Tema Principal 
650 |a Arte (Tendencias Recientes) -  |x Historia y Crítica 
650 |a Arte -  |y Siglo XX 
650 |a Arte -  |x Historia y Crítica 
650 |a Arte -  |x Teoría 
650 |a Estética 
700 |a Brotons Muñoz, Alfredo  |e (traducción) 
910 |a Fondo General 
920 |a Impresos - Libros 
930 |a Colección General 
905 |a 101 
901 |a 0500327572  |b IT1  |c ACC  |i C171101  |u 20250521 
902 |a https://opac.biblio.iteso.mx/vufind/Record/000154747